Modèles Peugeot depuis 1950 - Statistiques

Statistiques générales
  • Ce quiz a été pris 744 fois
  • Le résultat moyen est 37 sur 57
Statistiques - réponses
Années de production Modèle % Correct
1998 - 2013 206
95%
2012 - 2019 208 I
95%
Depuis 2019 208 II
95%
2006 - 2014 207
92%
2007 - 2013 308 I
91%
2013 - 2021 308 II
91%
Depuis 2021 308 III
91%
1983 - 1998 205
90%
2009 - 2016 3008 I
90%
Depuis 2016 3008 II
90%
1993 - 2002 306
88%
2001 - 2008 307
87%
2013 - 2019 2008 I
86%
Depuis 2019 2008 II
86%
1995 - 2004 406
86%
2004 - 2011 407
84%
2009 - 2017 5008 I
84%
Depuis 2017 5008 II
84%
1991 - 2003 106
83%
Depuis 2022 408
82%
1987 - 1996 405
80%
2011 - 2018 508 I
80%
Depuis 2018 508 II
80%
1977 - 1988 305
79%
2005 - 2014 107
78%
2014 - 2021 108
78%
1965 - 1976 204
77%
1969 - 1980 304
76%
1960 - 1975 404
74%
1968 - 1983 504
72%
1979 - 1992 505
69%
1948 - 1960 203
68%
1999 - 2010 607
66%
1955 - 1966 403
65%
1972 - 1988 104
64%
2012 - 2016 4008
64%
1985 - 1994 309
63%
1989 - 1999 605
62%
1975 - 1985 604
57%
Depuis 2018 Partner III / Rifter
55%
1996 - 2008 Partner I
54%
2008 - 2018 Partner II
54%
2002 - 2014 807
53%
2005 - 2009 1007
51%
1994 - 2002 806
51%
Depuis 2016 Expert III / Traveller
34%
1994 - 2006 Boxer I
33%
Depuis 2006 Boxer II
33%
1995 - 2006 Expert I
33%
2007 - 2016 Expert II
33%
2010 - 2015 RCZ
31%
2007 - 2012 4007
30%
2010 - 2020 iOn
13%
2008 - 2017 Bipper
11%
1981 - 1993 J5
11%
1965 - 1980 J7
11%
1981 - 1991 J9
11%
Aucun quiz correspondant
Distribution des résultats
% des personnes avec chaque résultat
Percentile par nombre de réponses
Votre historique - résultats
Vous n’avez pas pris ce quiz